000 00411nam a2200145 i 4500
001 bg
100 1 _aMIKIELEWICZ, Jarosław
245 0 _aUproszczony algorytm do obliczania płaskich kolektorów słonecznych /
_cJ. Mikielewicz, S. Gumkowski.
260 _aWarszawa,
_c1984.
700 1 _aGUMKOWSKI, Stanisław
040 _cBPK
041 _apol
942 _cKS
008 s pl f |000 0 pol
999 _c27985
_d27985
856 _uhttp://koha.tu.koszalin.pl/cgi-bin/koha/opac-detail.pl?biblionumber=27985
_yKatalog online BPK